00854nam a2200229 a 450000100060000000300080000600500170001400800410003103500200007204000320009204100080012408200250013210000440015724500990020126000670030030000200036765000260038770000320041394200120044599900170045795201500047443304BD-RjUL20211209053659.0160621s19631962xxk 000 0 eng d a(BD-RjUL) 43422 aUKMcUKMdEQOdBD-RjULbeng aeng a428.24218bHIA 19631 aHill, L. A.q(Leslie Alexander)913300710aAdvanced comprehension and appreciation pieces for overseas students /cL. A. Hill, D. J. May  aPakistan : bOxford University Press,cc1962 [Impression 1963] a118 p. ;c19 cm aComprehension91330081 aMay, Derwent James.9133009 2ddccBK c43304d43304 00102ddc40708NFICaRUCLbRUCLcStackd1974-05-11eOxford University Pressg3.00l0o428.24 HIA 1963r2016-06-21 00:00:00tC-2w2016-06-21yBK